书目信息 |
| 题名: |
化工单元操作及设备课程设计
|
|
| 作者: | 许文林 主编 ;王雅琼 编著 | |
| 分册: | ||
| 出版信息: | 北京 科学出版社 2013.05 |
|
| 页数: | 253页 | |
| 开本: | 26cm | |
| 丛书名: | ||
| 单 册: | ||
| 中图分类: | TQ02 , TQ05 | |
| 科图分类: | ||
| 主题词: | 化工单元操作--课程设计--高等学校--教材 , 化工设备--课程设计--高等学校--教材 , 精馏塔--设计--高等学校--教材 , 化工单元操作 , 课程设计 , 化工设备 , 精馏塔 | |
| 电子资源: | ||
| ISBN: | 978-7-03-037511-7 | |
| 000 | 01286nam0 2200373 450 | |
| 001 | 012013137746 | |
| 005 | 20140611151407.10 | |
| 010 | @a978-7-03-037511-7@dCNY39.00 | |
| 100 | @a20130621d2013 em y0chiy0110 ea | |
| 101 | 0 | @achi |
| 102 | @aCN@b110000 | |
| 105 | @aak z 000yy | |
| 106 | @ar | |
| 200 | 1 | @a化工单元操作及设备课程设计@9hua gong dan yuan cao zuo ji she bei ke cheng she ji@e板式精馏塔的设计@f许文林主编@g王雅琼[等]编著 |
| 210 | @a北京@c科学出版社@d2013.05 | |
| 215 | @a253页@c图@d26cm | |
| 300 | @a全国高等院校化工类专业规划教材 | |
| 304 | @a编著还有:张晓红,张淮浩,姚干兵 | |
| 330 | @a本书共7章,包括绪论、物性数据的查取与计算、板式精馏塔的工艺设计、精馏塔辅助设备的设计和选型、精馏塔的自动控制等。 | |
| 333 | @a高校化学工程相关专业师生 | |
| 517 | 1 | @a板式精馏塔的设计@9ban shi jing liu ta de she ji |
| 606 | 0 | @a化工单元操作@x课程设计@x高等学校@j教材 |
| 606 | 0 | @a化工设备@x课程设计@x高等学校@j教材 |
| 606 | 0 | @a精馏塔@x设计@x高等学校@j教材 |
| 606 | 0 | @a化工单元操作 |
| 606 | 0 | @a课程设计 |
| 606 | 0 | @a化工设备 |
| 606 | 0 | @a精馏塔 |
| 690 | @aTQ02@v5 | |
| 690 | @aTQ05@v5 | |
| 701 | 0 | @a许文林@9xu wen lin@4主编 |
| 702 | 0 | @a王雅琼@9wang ya qiong@4编著 |
| 801 | 0 | @aCN@b人天书店@c20130621 |
| 905 | @b549359-61@dTQ02@e239@f3 | |
| 化工单元操作及设备课程设计:板式精馏塔的设计/许文林主编/王雅琼[等]编著.-北京:科学出版社,2013.05 |
| 253页:图;26cm |
| 全国高等院校化工类专业规划教材.-使用对象:高校化学工程相关专业师生 |
| ISBN 978-7-03-037511-7:CNY39.00 |
| 本书共7章,包括绪论、物性数据的查取与计算、板式精馏塔的工艺设计、精馏塔辅助设备的设计和选型、精馏塔的自动控制等。 |
| ● |
| 相关链接 |
|
|
|
|
正题名:化工单元操作及设备课程设计
索取号:TQ02/239
 
预约/预借
| 序号 | 登录号 | 条形码 | 馆藏地/架位号 | 状态 | 备注 |
| 1 | 549359 | 205493599 | 第二样本阅览室/ [索取号:TQ02/239] | 在馆 | |
| 2 | 549360 | 205493606 | 第三借阅区/ [索取号:TQ02/239] | 在馆 | |
| 3 | 549361 | 205493615 | 第三借阅区/ [索取号:TQ02/239] | 在馆 |